MATERIALS USED IN DENTISTRY (Record no. 6920)

MARC details
000 -LEADER
fixed length control field 00356nam a2200145Ia 4500
008 - FIXED-LENGTH DATA ELEMENTS--GENERAL INFORMATION
fixed length control field 150301s2013 xx 000 0 und d
082 ## - DEWEY DECIMAL CLASSIFICATION NUMBER
Classification number 617.695
Item number M2011M
100 ## - MAIN ENTRY--PERSONAL NAME
Personal name MAHALAXMI ,S
245 ## - TITLE STATEMENT
Title MATERIALS USED IN DENTISTRY
250 ## - EDITION STATEMENT
Edition statement 1ST
260 ## - PUBLICATION, DISTRIBUTION, ETC. (IMPRINT)
Name of publisher, distributor, etc. WOLTERS KLUWER
Place of publication, distribution, etc. NEW DELHI
Date of publication, distribution, etc. 2013
300 ## - PHYSICAL DESCRIPTION
Extent 1-832
650 ## - SUBJECT ADDED ENTRY--TOPICAL TERM
Topical term or geographic name as entry element PROSTHODONTICS
942 ## - ADDED ENTRY ELEMENTS (KOHA)
Source of classification or shelving scheme Dewey Decimal Classification
Koha item type Books
Holdings
Withdrawn status Lost status Source of classification or shelving scheme Damaged status Not for loan Home library Current library Date acquired Source of acquisition Cost, normal purchase price Serial Enumeration / chronology SGTU Bill Number Total Checkouts Full call number Barcode Date last seen Date last checked out Bill Date Koha item type
    Dewey Decimal Classification     SGT Dental Library SGT Dental Library 02/07/2015 WOLTER KLUWER 350.00 1 SGTU 4213 6 617.695 M2011M FD7182 15/09/2021 14/06/2021 23/01/2014 Books
    Dewey Decimal Classification     SGT Dental Library SGT Dental Library 02/07/2015 WOLTER KLUWER 350.00 1 SGTU 4213 32 617.695 M2011M FD7183 29/07/2021 16/07/2021 23/01/2014 Books